Application des Normes d’évaluation de la RICS (Record no. 121511)
[ view plain ]
| 000 -LEADER | |
|---|---|
| fixed length control field | 01114nam a22002297a 4500 |
| 008 - FIXED-LENGTH DATA ELEMENTS--GENERAL INFORMATION | |
| fixed length control field | 230526s2015 xxk|||||o|||| 00| 0 eng d |
| 020 ## - INTERNATIONAL STANDARD BOOK NUMBER | |
| ISBN | 9781783210800 |
| 041 ## - LANGUAGE CODE | |
| Language code of text/sound track or separate title | eng |
| 110 ## - MAIN ENTRY--CORPORATE NAME | |
| Corporate author | Royal Institution of Chartered Surveyors |
| 245 ## - TITLE STATEMENT | |
| Title | Application des Normes d’évaluation de la RICS |
| Medium | [Electronic resource] |
| 250 ## - EDITION | |
| Edition statement | 1st |
| 260 ## - PUBLICATION INFORMATION | |
| Place of publication | London, |
| Publisher | Royal Institution of Chartered Surveyors, |
| Date | 2015 |
| 300 ## - PHYSICAL DESCRIPTION | |
| Physical description | 15p. |
| 490 ## - SERIES TITLE | |
| Series statement | RICS Red Book |
| 520 ## - ABSTRACT | |
| Abstract | The French RICS Valuation Professional Group has developed this guidance note, which covers mandatory application in France, where members must comply with, in addition to French regulations, the Charte de l’Expertise en Evaluation Immobilière, 2012 (the Charter). This is the national valuation standard for France. |
| 650 ## - KEYWORDS | |
| Keywords | VALUATION |
| 651 ## - SUBJECT ADDED ENTRY--GEOGRAPHIC NAME | |
| Geographic name | France |
| 690 ## - BROAD SUBJECT | |
| 9 (RLIN) | 6273 |
| Broad subject | Valuation |
| 710 ## - ADDED CORPORATE NAME | |
| Added corporate author | Royal Institution of Chartered Surveyors |
| 856 ## - ONLINE RESOURCE | |
| Uniform Resource Identifier | <a href="https://www.isurv.com/downloads/file/6682/application_of_the_rics_valuation_professional_standards_in_france_1st_edition_french_language">https://www.isurv.com/downloads/file/6682/application_of_the_rics_valuation_professional_standards_in_france_1st_edition_french_language</a> |
| Public note | Archived on iSurv |
| 942 ## - ADDED ENTRY ELEMENTS (KOHA) | |
| Suppress in OPAC | Do not suppress in OPAC |
| Lost status | Damaged status | Not for loan | Current library | Shelving location | Date acquired | Total Checkouts | Full call number | Date last seen | Price effective from | Koha item type |
|---|---|---|---|---|---|---|---|---|---|---|
| Virtual | Online | 26/05/2023 | isurv | 26/05/2023 | 26/05/2023 | Online material |